000 00721nam a2200241Ia 4500
003 OSt
005 20220927105433.0
006 a|||||r|||| 00| 0
007 ta
008 220926b |||||||| |||| 00| 0 eng d
024 _a172772
037 _cReference Collections
040 _aRTL
_cRTL
_beng
041 _2eng
_aeng
082 _a"X71.242.P07 - P06, P7"
110 _a"Haryana, (Govt. of-)"
_9372548
245 0 _aNew expenditure
_b Plan schemes memorandum.
260 _aHaryana
_bGovt. of Harayana.
_c2006
300 _a408p.
_ccm.
700 _a"Haryana, (Govt. of-)"
_9372549
942 _h"X71.242.P07 - P06, P7"
_cCC
999 _c692566
_d692566